000 00559nam a2200193Ia 4500
008 240729s9999 xx 000 0 und d
022 _a2475-9066
245 0 _aJournal of Open Source Software
260 _aUnited States
260 _bJournal of Open Source Software
650 _a Computer software
650 _a Electronic computers. Computer science
650 _a Instruments and machines
650 _a Mathematics
650 _aScience
856 _uhttps://doaj.org/toc/543105344edb4e509ce7c54115efb88a
942 _2ddc
942 _cDOAJEJ
999 _c69521
_d69521
945 _a1
_bMadushi Gamage
_c1
_dMadushi Gamage